Minos and the Cretans

Bibliographic Details
Main Author: Gibb, J.H.P
Format: Book
Published: England : Wayland , 1986
Series:Life and Times
Subjects:

MARC

LEADER 00000cam a2200000 7i4500
001 0000002130
002 000002326
005 20060128.0
020 |a 0850787637 
090 0 0 |a 909   |b GIB 
100 1 |a Gibb, J.H.P 
245 1 0 |a Minos and the Cretans   |c J.H.P Gibb 
260 |a England :   |b Wayland ,   |c 1986 
300 |a 47p. :   |b ill ;   |c 23cm. 
490 0 |a Life and Times 
650 0 0 |a Minoans   |x Juvenile Literature 
999 |a 033690   |b BUKU   |c JUNIOR BOOKS   |e PERPUSTAKAAN KOMUNITI PETALING JAYA